Mehmed Akif Ersoy: (Record no. 15394)
[ view plain ]
| 000 -BAŞLIK | |
|---|---|
| Sabit Uzunlukta Kontrol Alanı | 00986nam a22002537a 4500 |
| 999 ## - SİSTEM KONTROL NUMARALARI (KOHA) | |
| Koha Biblionumber | 15394 |
| Koha Biblioitemnumber | 15394 |
| 003 - KONTROL NUMARASI IDENTIFIER | |
| Denetim Alanı | MIRAKIL |
| 005 - SON İŞLEM TARİHİ VE ZAMANI | |
| Denetim Alanı | 20240214145810.0 |
| 008 - SABİT-BOY VERİ ELEMANLARI - GENEL BİLGİLER | |
| Sabit Uzunlukta Kontrol Alanı | 240214b tu ||||| |||| 00| 0 tur d |
| 020 ## - ULUSLARARASI STANDART KİTAP NUMARASI | |
| Uluslararası Standart Kitap Numarası | 9789751735881 |
| 040 ## - KATALOGLAMA KAYNAK | |
| Orijinal Kataloglama Ajansı | TR-AnCHP |
| Metne Dönüştürmek Ajansı | TR-AnCHP |
| 041 ## - DİL KODU | |
| Metin / Ses Parça Veya Ayrı Başlığın Dil Kodu | Türkçe |
| 082 ## - DEWEY ONLU SINIFLANDIRMA NUMARASI | |
| Sınıflandırma Numarası | 928.9433 |
| Ürün Numarası | M33 2011 |
| 090 ## - SINIFLAMA NUMARASI | |
| Sınıflama Numarası | 928.9433 M33 2011 |
| 245 10 - BAŞLIK TABLOSU | |
| Başlık | Mehmed Akif Ersoy: |
| Başlığın Kalan | İstiklal Marşı'nın kabulünün 90. ve Akif'in ölümünün 75. yılı anısına / |
| Sorumluluk Tablosu, Vb | Ed. : Mustafa İsmet Uzun. |
| 250 ## - EDITION TABLOSU | |
| Baskı Beyanı | 1. bs. |
| 260 ## - YAYIN, DAĞITIM, VB | |
| Yayın, Dağıtım, Vb Yeri | Ankara: |
| Yayıncı, Dağıtıcı, Vs Adı | T.C. Kültür ve Turizm Bakanlığı, |
| Yayın, Dağıtım, Vb Tarihi | 2011. |
| 300 ## - FİZİKSEL TANIM | |
| Kapsam | 488 s. : |
| Diğer Fiziksel Ayrıntıları | res., şek. ; |
| Boyutlar | 29 cm. |
| 490 0# - SERİSİ TABLOSU | |
| Seri Beyanı | .C. Kültür ve Turizm Bakanlığı Kütüphaneler ve Yayımlar Genel Müdürlüğü: |
| Hacim / Ardışık Tanımı | 3329 |
| 490 0# - SERİSİ TABLOSU | |
| Seri Beyanı | anma ve armağan kitapları dizisi: |
| Hacim / Ardışık Tanımı | 36. |
| 504 ## - KAYNAKÇA VB NOT | |
| Kaynakça Vb Notu | Bibl. dipnot şeklindedir. |
| 650 #0 - KONU KATMA GİRİŞ - TOPİKAL DÖNEM | |
| 9 (RLIN) | 7543 |
| Topikal Süreli Veya Coğrafi Ad Giriş Elemanı | Mehmed Akif Ersoy |
| 856 ## - ELEKTRONİK YER VE ERİŞİM | |
| Kamu Notu | Dijital Nüshası için Partimizin Kütüphane Sorumlusu ile iletişime geçiniz. |
| 942 ## - EKLENDİ GİRİŞ ELEMANLARI (KOHA) | |
| Sınıflandırma Veya Raf Düzeni Kaynak | Dewey Decimal Classification |
| Koha Öğesi Türü | Books |
| Kalıcı Konum | Mevcut Konum | Edinme Tarihi | Toplam Check-Out'Lar | Tam Çağrı Numarası | Barkod | Tarih Son Görülme | İtibaren Geçerli Fiyatlar | Koha Öğesi Türü |
|---|---|---|---|---|---|---|---|---|
| CHP Kütüphanesi | CHP Kütüphanesi | 02/14/2024 | 928.9433 M33 2011 | 20982 | 02/14/2024 | 02/14/2024 | Books |
